Klubtalálkozó [rövid hír]

Elmentve itt :
Bibliográfiai részletek
Dokumentumtípus: Cikk
Megjelent: 1969-09-26
Sorozat:Délmagyarország 59 No. 223
Kulcsszavak:Somogyi-könyvtár, Kulturális élet Szeged 1969
Online Access:http://dmarchiv.bibl.u-szeged.hu/73072
LEADER 00438nab a2200145 i 4500
001 delm73072
005 20180928082601.0
008 180928s1969 hu o 0|| hun d
040 |a SZTE Délmagyarország Archívum  |b hun 
041 |a hun 
245 0 0 |a Klubtalálkozó   |h [elektronikus dokumentum] :  |b [rövid hír] 
260 |c 1969-09-26 
300 |a 7 
490 0 |a Délmagyarország  |v 59 No. 223 
695 |a Somogyi-könyvtár, Kulturális élet Szeged 1969